<?xml version="1.0" encoding="UTF-8"?>
<record
    xmlns:xsi="http://www.w3.org/2001/XMLSchema-instance"
    xsi:schemaLocation="http://www.loc.gov/MARC21/slim http://www.loc.gov/standards/marcxml/schema/MARC21slim.xsd"
    xmlns="http://www.loc.gov/MARC21/slim">

  <leader>01378nam a22002297a 4500</leader>
  <controlfield tag="003">OSt</controlfield>
  <controlfield tag="005">20210114105925.0</controlfield>
  <controlfield tag="008">210114s2004    ck ||||fr|||| 00| 0 spa d</controlfield>
  <datafield tag="040" ind1=" " ind2=" ">
    <subfield code="a">CO-JMCR</subfield>
    <subfield code="c">CO-JMCR</subfield>
  </datafield>
  <datafield tag="041" ind1="0" ind2=" ">
    <subfield code="a">spa</subfield>
  </datafield>
  <datafield tag="082" ind1="0" ind2="4">
    <subfield code="a">346.86 / </subfield>
    <subfield code="b">T164t </subfield>
    <subfield code="2">23</subfield>
  </datafield>
  <datafield tag="100" ind1="1" ind2=" ">
    <subfield code="a">Tangarife Torres, Marcel, </subfield>
    <subfield code="e">autora</subfield>
    <subfield code="9">9075</subfield>
  </datafield>
  <datafield tag="245" ind1="1" ind2="3">
    <subfield code="a">El tratado de Libre Comercio con Estados Unidos : </subfield>
    <subfield code="b">fundamentos jur&#xED;dicos para la negociaci&#xF3;n / </subfield>
    <subfield code="c">Marcel Tangarife Torres</subfield>
  </datafield>
  <datafield tag="260" ind1=" " ind2=" ">
    <subfield code="a">Bogot&#xE1; : </subfield>
    <subfield code="b">C&#xE1;mara de Comercio de Bogot&#xE1;, </subfield>
    <subfield code="c">2004</subfield>
  </datafield>
  <datafield tag="300" ind1=" " ind2=" ">
    <subfield code="a">370 p&#xE1;ginas ; </subfield>
    <subfield code="c">23 cm.</subfield>
  </datafield>
  <datafield tag="500" ind1=" " ind2=" ">
    <subfield code="a">Incluye notas a pie de p&#xE1;gina.</subfield>
  </datafield>
  <datafield tag="505" ind1="0" ind2=" ">
    <subfield code="a">Antecedentes del Tratado de Libre Comercio -- Fundamentos constitucionales para la negociaci&#xF3;n del Tratado de Libre Comercio con Estados Unidos -- Competencias de las ramas del Estado dentro del proceso de negociaci&#xF3;n del Tratado de Libre Comercio -- Principales caracter&#xED;sticas del Tratado de Libre Comercio -- Objetivos del Tratado de Libre Comercio -- Posibles cap&#xED;tulos del Tratado de Libre Comercio y su incidencia en el ordenamiento jur&#xED;dico colombiano -- Acuerdo de Libre Comercio suscrito por Colombia y por Estados Unidos </subfield>
  </datafield>
  <datafield tag="650" ind1="1" ind2="4">
    <subfield code="a">Tratado de libre comercio</subfield>
    <subfield code="x">aspectos jur&#xED;dicos</subfield>
    <subfield code="z">Colombia</subfield>
    <subfield code="9">9076</subfield>
  </datafield>
  <datafield tag="650" ind1="1" ind2="4">
    <subfield code="a">Sociedades comerciales</subfield>
    <subfield code="x">aspectos jur&#xED;dicos</subfield>
    <subfield code="9">12851</subfield>
  </datafield>
  <datafield tag="650" ind1=" " ind2="4">
    <subfield code="a">Estados Unidos </subfield>
    <subfield code="x">tratados comerciales</subfield>
    <subfield code="9">12852</subfield>
  </datafield>
  <datafield tag="942" ind1=" " ind2=" ">
    <subfield code="2">ddc</subfield>
    <subfield code="c">BK</subfield>
  </datafield>
  <datafield tag="999" ind1=" " ind2=" ">
    <subfield code="c">7059</subfield>
    <subfield code="d">7059</subfield>
  </datafield>
  <datafield tag="952" ind1=" " ind2=" ">
    <subfield code="0">0</subfield>
    <subfield code="1">0</subfield>
    <subfield code="2">ddc</subfield>
    <subfield code="4">0</subfield>
    <subfield code="7">0</subfield>
    <subfield code="a">CPL</subfield>
    <subfield code="b">CPL</subfield>
    <subfield code="d">2021-01-14</subfield>
    <subfield code="l">0</subfield>
    <subfield code="o">346.86 /  T164t </subfield>
    <subfield code="p">201808769</subfield>
    <subfield code="r">2024-05-16 00:00:00</subfield>
    <subfield code="t">Ej.1</subfield>
    <subfield code="w">2021-01-14</subfield>
    <subfield code="y">BK</subfield>
  </datafield>
</record>
